The study on soybean production in preah vihear province, ការសិក្សាអំពីផលិតកម្មដំណាំសណ្ដែកនៅខេត្តព្រះវិហារ. (Record no. 4713)

000 -LEADER
fixed length control field 00588nam a22001577a 4500
003 - CONTROL NUMBER IDENTIFIER
control field OSt
005 - DATE AND TIME OF LATEST TRANSACTION
control field 20151217161157.0
008 - FIXED-LENGTH DATA ELEMENTS--GENERAL INFORMATION
fixed length control field 151217b xxu||||| |||| 00| 0 eng d
040 ## - CATALOGING SOURCE
Transcribing agency RUA
082 ## - DEWEY DECIMAL CLASSIFICATION NUMBER
Classification number AED SOE 2008 B228 Or.1
100 ## - MAIN ENTRY--PERSONAL NAME
9 (RLIN) 5066
Personal name SOEURNG KEM; សឿង កែប
245 ## - TITLE STATEMENT
Title The study on soybean production in preah vihear province, ការសិក្សាអំពីផលិតកម្មដំណាំសណ្ដែកនៅខេត្តព្រះវិហារ.
260 ## - PUBLICATION, DISTRIBUTION, ETC. (IMPRINT)
Place of publication, distribution, etc. Phnom Penh
Name of publisher, distributor, etc. RUA
Date of publication, distribution, etc. 2008
300 ## - PHYSICAL DESCRIPTION
Extent x; 44p.
Other physical details ill.
Dimensions 29cm.
942 ## - ADDED ENTRY ELEMENTS (KOHA)
Source of classification or shelving scheme
Koha item type AED
Holdings
Price effective from Date last seen Permanent Location Not for loan Date acquired Source of classification or shelving scheme Koha item type Barcode Lost status Damaged status Shelving location Withdrawn status Current Location Full call number
2015-12-172015-12-17Library Block B 2015-12-17 AEDRUA034618  B228 Library Block BAED SOE 2008 B228 Or.1
2015-12-172015-12-17Library Block B 2015-12-17 AEDRUA034402  B228 Library Block BAED SOE 2008 B228 Or.2
2015-12-172015-12-17Library Block B 2015-12-17 AEDRUA034119  B228 Library Block BAED SOE 2008 B228 Or.3
2015-12-172015-12-17Library Block B 2015-12-17 AEDRUA034393  B228 Library Block BAED SOE 2008 B228 Or.4
2015-12-172015-12-17Library Block B 2015-12-17 AEDRUA034620  B228 Library Block BAED SOE 2008 B228 Or.5
2015-12-172015-12-17Library Block B 2015-12-17 AEDRUA031860  B228 Library Block BAED SOE 2008 B228 Or.6
2015-12-172015-12-17Library Block B 2015-12-17 AEDRUA030570  B228 Library Block BAED SOE 2008 B228 Or.7
2015-12-172015-12-17Library Block B 2015-12-17 AEDRUA030632  B228 Library Block BAED SOE 2008 B228 Or.8
2015-12-172015-12-17Library Block B 2015-12-17 AEDRUA030510  B228 Library Block BAED SOE 2008 B228 Or.9
2015-12-172015-12-17Library Block B 2015-12-17 AEDRUA030692  B228 Library Block BAED SOE 2008 B228 Or.10
មជ្ឈមណ្ឌលឯការនៃសាកលវិទ្យាល័យភូមិន្ទកសិកម្មចំការដូង

Powered by Koha